| 000 | 00543nam a2200157 a 4500 | ||
|---|---|---|---|
| 008 | 120416s1947 ||||||||||||||||| || u | ||
| 050 | _aJC 353 Whe | ||
| 100 | _aWheare, Kenneth Clinton, 1907- | ||
| 245 | 1 | 0 | _aFederal government |
| 260 |
_aNew York _bOxford University Press _c1947 |
||
| 300 | _avii, 278p. | ||
| 350 | _a0.00 | ||
| 650 | _aGOVERNMENT | ||
| 650 | _aFEDERAL GOVERNMENT | ||
| 995 |
_D0.00 _FCBU-MAIN LIBRARY (Kitwe) _H1 _I0.00 _M1 _UAVAILABLE _ZAnnex Low-Usage Collection |
||
| 999 |
_c43192 _d43192 |
||